| 000 | 01165nam a22003497a 4500 | ||
|---|---|---|---|
| 003 | CHAP | ||
| 005 | 20220329134055.0 | ||
| 008 | 971013s1954 r 00010 d | ||
| 010 | _a15028 | ||
| 011 | _a16000 | ||
| 035 | _a20078 | ||
| 040 | _cCHAP | ||
| 090 | _aTesis | ||
| 100 | 0 | 0 |
_aHerrera Bazán, Severiano. _954831 |
| 245 | _aSituación forestal en la cuenca hidrológica del río Tepalcatepec, Edo. de Michoacán | ||
| 260 |
_a(s.l.) : _bEl Autor, _c1954 |
||
| 300 |
_a76 h. _b: ilus. |
||
| 502 | _aTesis (Ing. Agrónomo Esp. en Bosques) -- ENA. Depto. de Bosques | ||
| 590 |
_aALEPH _b10 _c20130110 _lUCH01 _h1237 |
||
| 590 |
_aBATCH-UPD _b10 _c20130110 _lUCH01 _h0314 |
||
| 590 |
_aBATCH-UPD _b10 _c20130110 _lUCH01 _h1532 |
||
| 590 |
_aBATCH-UPD _b10 _c20130409 _lUCH01 _h2347 |
||
| 590 |
_aBATCH-UPD _b10 _c20130914 _lUCH01 _h0704 |
||
| 590 |
_aCONVERSION _b10 _c20130109 _lUCH01 _h1310 |
||
| 650 | 1 | 4 |
_aBosques _xAdministración _xMichoacán. _914018 |
| 650 | 1 | 4 |
_aBosques _xInfluencias. _914237 |
| 650 | 1 | 4 |
_aPináceas. _988210 |
| 901 | _aBK | ||
| 942 | _cFOLL | ||
| 949 |
_bBC _cTES _d-46774 _eTS1 _i20078 _si |
||
| 949 |
_bBC _cTES _d-46776 _eTS2 _fc.2 _i20078 _si |
||
| 999 |
_c15028 _d15028 |
||